| 000 | 00806nam a2200265 a 4500 | ||
|---|---|---|---|
| 001 | 75140 | ||
| 003 | BD-RjUL | ||
| 005 | 20211209082643.0 | ||
| 008 | 190124s1991 enka b 000 0 eng d | ||
| 020 | _a1870670221 | ||
| 035 | _aOCLC 27592915 from jbpo3 | ||
| 035 | _a(BD-RjUL)75358 | ||
| 040 |
_aMYG _cMYG _dEQO _dBD-RjUL _beng |
||
| 041 | _aeng | ||
| 082 |
_223 _a363.73874 _bFOG 1991 |
||
| 090 |
_aQC981.8.G56 _bF65 1991 |
||
| 092 | _aD0502480594 | ||
| 100 | 1 |
_aFoley, Gerald, _d1936- _9227353 |
|
| 245 | 1 | 0 |
_aGlobal warming : _bwho is taking the heat? / _cby Gerald Foley |
| 260 |
_aLondon, UK : _bPanos Publications, _cc1991 |
||
| 300 |
_aviii, 104 p. : _bill. ; _c20 cm |
||
| 504 | _aIncludes bibliographical references (p. [100]) and index | ||
| 650 | 0 |
_aGlobal warming _9227354 |
|
| 942 |
_2ddc _cBK |
||
| 999 |
_c75140 _d75140 |
||